| 000 | 00782nmc a2200325 a 4500 | ||
|---|---|---|---|
| 003 | AR-BaBNM | ||
| 005 | 20251128203611.0 | ||
| 008 | 146119s1948 ||||||||||||||000 | spa|| | ||
| 040 | _cAR-BaBNM | ||
| 100 | 0 | _aAzorín | |
| 245 | 1 | 0 |
_aUna hora de España _bentre 1560 y 1570 |
| 250 | _a1ª ed. | ||
| 260 |
_aBuenos Aires _bEspasa-Calpe _c1948 |
||
| 300 | 0 | _a165 p. | |
| 490 | 0 |
_aAustral _vv. 801 |
|
| 650 | 4 | _aLITERATURA ESPANOLA | |
| 650 | 4 | _aPENSAMIENTO | |
| 650 | 4 | _aRACIONALISMO | |
| 650 | 4 | _aDIOS | |
| 650 | 4 | _aRELIGION | |
| 650 | 4 | _aCRISTIANISMO | |
| 650 | 4 | _aONTOLOGIA | |
| 650 | 4 | _aNATURALEZA HUMANA | |
| 650 | 4 | _aFILOSOFIA DEL ESPIRITU | |
| 651 | 4 | _aEspaña | |
| 653 | 0 | _aGENERACION DE 1898 | |
| 655 | _aLITERATURA | ||
| 942 | _cBK | ||
| 998 | _cisola | ||
| 999 |
_c4093 _d4093 |
||